Эх хэлний эрдэнэ үгс (Бичлэгийн дугаар. 872972)

MARC дэлгэрэнгүй
000 -Удирдлага
Ном зүйн бүртгэл тоо буюу кодлох утгыг агуулсан 00841 a2200217 4500
008 - ЕРӨНХИЙ МЭДЭЭЛЭЛ-ЭЛЕМЕНТҮҮДИЙН ӨГӨГДЛИЙН УРТ
fixed length control field 240605b mp ||||| |||| 00| 0 mon d
020 ## - ОЛОН УЛСЫН СТАНДАРТ НОМЫН ДУГААР-ISBN
Олон Улсын Стандарт Номын Дугаар 99929-0-025-3
035 ## - СИСТЕМИЙН ХЯНАЛТЫН ДУГААР
Системийн хяналтын дугаар 267
040 ## - ЭХ СУРВАЛЖИЙГ ТОДОРХОЙЛОН БИЧИХ
Анхны каталогийн байгууллага HE0623081
Каталогийн хэл Монгол
Бичлэг хийж нэвтрүүлэх байгууллага MN-UlNLM
Өөрчлүүлэх байгууллага MN-UlNLM
Бичиглэлийн тодорхойлолт rda
041 ## - ХЭЛНИЙ КОД
Текстийн хэлний код/фонограм буюу салангид гарчиг Монгол
042 ## - AUTHENTICATION CODE
Authentication code 32887
084 ## - БУСАД АНГИЛЛЫН ДУГААР
Ангиллын нэр Номын сан номзүйн ангилал
Анги 81.2(5мон)
Зохиогчийн 3-н тэмдэгт Б.341
245 #0 - ҮНДСЭН ГАРЧИГ
Гарчиг Эх хэлний эрдэнэ үгс
264 ## - ГАРАЛТЫН МЭДЭЭ
Хэвлэгдсэн газар УБ.
Бүтээгч, хэвлэгч, түгээгч, үйлдвэрлэгчийн нэр Монсудар хэвлэлийн газар
Хэвлэгдсэн он 2006
300 ## - ТООНЫ МЭДЭЭ
Хуудасны тоо 90х.
336 ## - АГУУЛГЫН ТӨРӨЛ
Нөөц rdacontent
Агуулгын төрлийн нөхцөл text
Агуулгын төрлийн код txt
337 ## - MEDIA TYPE
Эх сурвалж rdamedia
Файлын төрөл unmediated
Файлын код n
338 ## - CARRIER TYPE
Source rdacarrier
Carrier type term volume
Carrier type code nc
650 ## - Сэдэв
Сэдэв Эх хэлний үгсийн сангийн тоолж тогтоож үл болом олон үгээс тодорхой нэг хэсэг үгс нь хэл найруулгад хагмийн идэвхтэй х...
942 ## - ЭЛЕМЕНТИЙН ТӨРӨЛ
Анги Номын сан номзүйн ангилал
Төрөл Ном
Захиалгууд
Буцаан татагдсан төлөв Хасагдсан шалтгаан Гэмтсэн төлөв Данс заагч Захиалах боломжгүй Үндсэн номын сан Одоогийн байршил Салбар танхим Салбар танхим Бүртгэсэн огноо Тавиурын заалт Баркод Үнэ Хамгийн сүүлд байсан огноо Нийт уншлаганд гарсан тоо Дансны дугаар Төрөл
          Хэнтий Хэнтий Хэнтий | Үндсэн фонд Хэнтий | Үндсэн фонд 2024-06-12 81.2(5мон) Б.341 HE062267-1-1 840.00 2024-06-12   87129 Ном
          Хэнтий Хэнтий Хэнтий | Нийтийн уншлагын танхим Хэнтий | Нийтийн уншлагын танхим 2024-06-12 81.2(5мон) Б.341 HE062267-2-1 840.00 2024-06-12   30126 Ном
          Хэнтий Хэнтий Хэнтий | Хүүхдийн уншлагын танхим Хэнтий | Хүүхдийн уншлагын танхим 2024-06-12 81.2(5мон) Б.341 HE062267-3-1 840.00 2024-06-12   11856 Ном
          Хэнтий Хэнтий Хэнтий | Хүүхдийн уншлагын танхим Хэнтий | Хүүхдийн уншлагын танхим 2024-06-12 81.2(5мон) Б.341 HE062267-3-2 840.00 2024-06-12   11857 Ном
          Хэнтий Хэнтий Хэнтий | Хүүхдийн уншлагын танхим Хэнтий | Хүүхдийн уншлагын танхим 2024-06-12 81.2(5мон) Б.341 HE062267-3-3 840.00 2024-06-12   11855 Ном